000 01338nam a2200397Ia 4500
001 048678
008 221003m2016 xx 000 0 spa d
035 _aCENDO_38614
041 _aspa
245 0 0 _aDía internacional del mayor 1 de octubre del 2016
260 _a[Madrid] :
_bFederación de Pensionistas y Jubilados,
_c2016
300 _a3 p. ;
_c 30 cm
500 _aEn: Revista de Orientación e Información, n. 70 (cuarto trimestre 2016), p. 17-19
650 0 _aRECESION ECONOMICA
_939
650 _aDESIGUALDAD ECONOMICA
_9896
650 _aDERECHOS ECONOMICOS Y SOCIALES
_9302
650 0 _aPERSONAS DE EDAD AVANZADA
_9866
650 _aBENEFICIARIO
_96953
650 _aNECESIDADES ESENCIALES
_94970
650 _aBAJOS INGRESOS
_96351
650 _aPOLITICA GUBERNAMENTAL
_91274
650 _aPODER ADQUISITIVO
_921177
650 _aINGRESO GARANTIZADO
_96352
650 _aCONFLICTO SOCIAL
_9368
650 0 _aDIA INTERNACIONAL DE LAS PERSONAS DE EDAD
_939767
650 0 _aACTITUD SINDICAL
_961
710 2 _aCCOO
_bFederación de Pensionistas y Jubilados,
_eed.
_99548
856 _zPDF
_uhttp://docpublicos.ccoo.es/cendoc/048678DiaInternacionalMayor.pdf
901 _a0
903 _aNO
904 _a000
907 _aCrisis económica
910 _a2016
942 _cDOCU_ELEC
_2ddc
999 _c38613
_d38613